[Event "Catalunya-chT GpB final"]
[Site "Barcelona"]
[Date "2018.04.14"]
[Round "4.4"]
[White "Perez Garcia, Adria"]
[Black "Dalo, Hermes"]
[Result "0-1"]
[WhiteElo "2137"]
[BlackElo "2154"]
[PlyCount "74"]
[EventDate "2018.03.10"]
[EventType "team-tourn"]
[EventRounds "4"]
[EventCountry "ESP"]
[SourceTitle "EXT 2019"]
[Source "ChessBase"]
[SourceDate "2018.10.10"]
[SourceVersion "1"]
[SourceVersionDate "2018.10.10"]
[SourceQuality "1"]
[WhiteTeam "Peona I Peo"]
[BlackTeam "Catalunya"]
[WhiteTeamCountry "ESP"]
[BlackTeamCountry "ESP"]

1. e4 e5 2. Nf3 Nc6 3. Bb5 a6 4. Ba4 Nf6 5. 0-0 Be7 6. Re1 b5 7. Bb3 d6 8. c3 0-0 9. h3 Na5 10. Bc2 c5 11. d4 Nd7 12. Nbd2 exd4 13. cxd4 Nc6 14. d5 Nce5 15. a4 Rb8 16. axb5 axb5 17. Nxe5 Nxe5 18. f4 Ng6 19. Nf3 f5 20. e5 Bb7 21. e6 Ra8 22. Rb1 Ra6 23. b4 Qa8 24. bxc5 dxc5 25. Rxb5 Bxd5 26. Bd3 Rd6 27. Qe2 Rxe6 28. Qf2 Rxe1+ 29. Nxe1 Qc6 30. Rb1 c4 31. Bc2 Bc5 32. Be3 Bxe3 33. Qxe3 Re8 34. Qa7 Nxf4 35. Ba4 Qa8 36. Qd7 Rd8 37. Qc7 Ne6 0-1

[Event "Catalunya-chT GpB final"]
[Site "Barcelona"]
[Date "2018.03.10"]
[Round "1.4"]
[White "Dalo, Hermes"]
[Black "Busquets Prat, Rafael"]
[Result "1-0"]
[WhiteElo "2154"]
[BlackElo "2248"]
[PlyCount "73"]
[EventDate "2018.03.10"]
[EventType "team-tourn"]
[EventRounds "4"]
[EventCountry "ESP"]
[SourceTitle "CBM 183 Extra"]
[Source "ChessBase"]
[SourceDate "2018.04.19"]
[SourceVersion "1"]
[SourceVersionDate "2018.04.19"]
[SourceQuality "1"]
[WhiteTeam "Catalunya"]
[BlackTeam "Olot"]
[WhiteTeamCountry "ESP"]
[BlackTeamCountry "ESP"]

1. Nf3 c5 2. c4 Nc6 3. g3 g6 4. d4 cxd4 5. Nxd4 Bg7 6. Nxc6 bxc6 7. Bg2 Rb8 8. Nc3 Qa5 9. 0-0 Ba6 10. Qd3 d5 11. Bd2 Bxc4 12. Nxd5 Bxd3 13. Bxa5 cxd5 14. exd3 Rb5 15. Bc3 Nf6 16. a4 Rc5 17. Bd4 Rc7 18. Bxd5 Nxd5 19. Bxg7 Rg8 20. Be5 Rb7 21. Rfc1 Kd7 22. Rc5 e6 23. Rb5 Rxb5 24. axb5 Ra8 25. Bd4 Nc7 26. Ra5 Rb8 27. Rxa7 Rxb5 28. f4 Kc6 29. Be5 Nd5 30. Rxf7 Rb7 31. Rxb7 Kxb7 32. Kf2 Kc6 33. Kf3 Kc5 34. Kg4 Nb4 35. d4+ Kd5 36. Kg5 Nd3 37. Kh6 1-0

[Event "Catalunya-chT Gp2"]
[Site "Barcelona"]
[Date "2018.01.27"]
[Round "2.4"]
[White "Lerch Gallemi, Jose Maria"]
[Black "Dalo, Hermes"]
[Result "0-1"]
[WhiteElo "2198"]
[BlackElo "2154"]
[PlyCount "76"]
[EventDate "2018.01.20"]
[EventType "team-tourn"]
[EventRounds "7"]
[EventCountry "ESP"]
[SourceTitle "CBM 182 Extra"]
[Source "ChessBase"]
[SourceDate "2018.02.23"]
[SourceVersion "1"]
[SourceVersionDate "2018.02.23"]
[SourceQuality "1"]
[WhiteTeam "St Cugat"]
[BlackTeam "Catalunya"]
[WhiteTeamCountry "ESP"]
[BlackTeamCountry "ESP"]

1. e4 c5 2. Nc3 d6 3. f4 g6 4. Nf3 Bg7 5. Bb5+ Bd7 6. a4 Nc6 7. Bxc6 Bxc6 8. d3 Qd7 9. Bd2 Nh6 10. 0-0 0-0 11. Qe1 f5 12. Qh4 e6 13. Ng5 Bd4+ 14. Kh1 Ng4 15. Rae1 Rae8 16. Nd1 h6 17. Nf3 Bg7 18. b3 b6 19. h3 Nf6 20. e5 Nh5 21. exd6 Bxf3 22. Rxf3 Qxd6 23. Ne3 Bf6 24. Qf2 g5 25. Nc4 Qc7 26. Ne5 Bxe5 27. fxe5 f4 28. Bc1 Ng3+ 29. Kh2 Nf5 30. Qg1 Nh4 31. Rf2 Rf5 32. Bb2 h5 33. Re4 Ref8 34. Qe1 Qh7 35. d4 g4 36. hxg4 Nf3+ 37. gxf3 hxg4+ 38. Kg1 Rh5 0-1

[Event "Barcelona Sant Marti op-A 19th"]
[Site "Barcelona"]
[Date "2017.07.18"]
[Round "6"]
[White "Dalo, Hermes"]
[Black "Rodriguez Vega, Blas"]
[Result "1-0"]
[WhiteElo "2202"]
[BlackElo "2048"]
[PlyCount "55"]
[EventDate "2017.07.13"]
[EventType "swiss"]
[EventRounds "9"]
[EventCountry "ESP"]
[SourceTitle "EXT 2018"]
[Source "ChessBase"]
[SourceDate "2017.10.13"]
[SourceVersion "1"]
[SourceVersionDate "2017.10.13"]
[SourceQuality "1"]

1. Nf3 Nf6 2. g3 g6 3. Bg2 Bg7 4. 0-0 0-0 5. d4 d6 6. b3 Nc6 7. Bb2 e5 8. dxe5 Ng4 9. Qd2 Ngxe5 10. c4 Qe7 11. Nc3 Nxf3+ 12. exf3 Be6 13. f4 Rab8 14. Nd5 Bxd5 15. Bxg7 Kxg7 16. cxd5 Nd8 17. Qd4+ f6 18. Qxa7 Nf7 19. Rfe1 Qd8 20. Re6 Nh6 21. Rae1 b6 22. Qa4 Nf5 23. g4 b5 24. Qe4 Nh6 25. Bh3 Nf7 26. Qd4 g5 27. Re7 Kg6 28. R1e6 1-0

[Event "Barcelona Sant Marti op-A 19th"]
[Site "Barcelona"]
[Date "2017.07.16"]
[Round "4"]
[White "Dalo, Hermes"]
[Black "Salinas Herrera, Pablo Patricio"]
[Result "0-1"]
[WhiteElo "2202"]
[BlackElo "2438"]
[PlyCount "86"]
[EventDate "2017.07.13"]
[EventType "swiss"]
[EventRounds "9"]
[EventCountry "ESP"]
[SourceTitle "EXT 2018"]
[Source "ChessBase"]
[SourceDate "2017.10.13"]
[SourceVersion "1"]
[SourceVersionDate "2017.10.13"]
[SourceQuality "1"]

1. d4 d5 2. c4 c6 3. Nf3 Nf6 4. Qb3 dxc4 5. Qxc4 Bg4 6. Nbd2 Nbd7 7. g3 e6 8. Bg2 Be7 9. 0-0 0-0 10. b3 Rc8 11. Bb2 b5 12. Qc2 c5 13. Rfc1 Qb6 14. a4 a6 15. axb5 axb5 16. Qb1 Rc7 17. Bc3 Rcc8 18. e3 Nd5 19. Ba5 Qb8 20. e4 N5f6 21. Bc3 Bh5 22. Ne5 Rfd8 23. Ba5 Nb6 24. dxc5 Bxc5 25. Nd3 Bd4 26. Ra2 Bg6 27. Rac2 Rxc2 28. Rxc2 Qa7 29. Ra2 Qb7 30. e5 Nfd5 31. Ne4 Qb8 32. Bxb6 Qxb6 33. Qe1 b4 34. Ra4 Rb8 35. Qf1 Qc7 36. Nd6 Qc2 37. Nf4 Qxb3 38. Nxd5 exd5 39. Qb5 Qd1+ 40. Bf1 Rf8 41. Rxb4 Qd2 42. Kg2 Qxf2+ 43. Kh3 Bxe5 0-1

[Event "Barcelona Sant Marti op-A 19th"]
[Site "Barcelona"]
[Date "2017.07.15"]
[Round "3"]
[White "Monroy Garzon, Nataly Alejandra"]
[Black "Dalo, Hermes"]
[Result "0-1"]
[WhiteElo "1947"]
[BlackElo "2202"]
[PlyCount "56"]
[EventDate "2017.07.13"]
[EventType "swiss"]
[EventRounds "9"]
[EventCountry "ESP"]
[SourceTitle "EXT 2018"]
[Source "ChessBase"]
[SourceDate "2017.10.13"]
[SourceVersion "1"]
[SourceVersionDate "2017.10.13"]
[SourceQuality "1"]

1. d4 Nf6 2. c4 g6 3. Nc3 Bg7 4. e4 d6 5. Nf3 0-0 6. Be2 Nbd7 7. 0-0 e5 8. Be3 Re8 9. d5 Nh5 10. g3 Bf8 11. Nd2 Ng7 12. Qc2 f5 13. f3 Be7 14. b4 Nf6 15. Rad1 f4 16. gxf4 exf4 17. Bxf4 Nfh5 18. Bg3 Bh4 19. Bxh4 Qxh4 20. Rf2 Nf4 21. Bf1 Re5 22. Nb3 Rg5+ 23. Kh1 Ngh5 24. Bg2 Ng3+ 25. Kg1 Nh3+ 26. Bxh3 Bxh3 27. Rg2 Bxg2 28. Qxg2 Nh5 0-1

[Event "Barcelona Sant Marti op-A 19th"]
[Site "Barcelona"]
[Date "2017.07.14"]
[Round "2"]
[White "Dalo, Hermes"]
[Black "Iniyan, Panneerseluam"]
[Result "0-1"]
[WhiteElo "2202"]
[BlackElo "2380"]
[PlyCount "44"]
[EventDate "2017.07.13"]
[EventType "swiss"]
[EventRounds "9"]
[EventCountry "ESP"]
[SourceTitle "EXT 2018"]
[Source "ChessBase"]
[SourceDate "2017.10.13"]
[SourceVersion "1"]
[SourceVersionDate "2017.10.13"]
[SourceQuality "1"]

1. d4 Nf6 2. Nf3 g6 3. g3 Bg7 4. Bg2 0-0 5. 0-0 d6 6. b3 Nc6 7. Bb2 Bf5 8. Nh4 Bd7 9. c4 a6 10. Nd2 e5 11. dxe5 dxe5 12. e3 Qe7 13. Qc2 Rfe8 14. Ne4 Rad8 15. a3 h6 16. f4 Nxe4 17. Qxe4 f5 18. Qc2 exf4 19. exf4 Nd4 20. Bd5+ Be6 21. Qf2 Bxd5 22. Bxd4 Qe4 0-1

[Event "Barcelona Sant Marti op-A 17th"]
[Site "Barcelona"]
[Date "2015.07.19"]
[Round "7"]
[White "Oliva Castaneda, Kevel"]
[Black "Dalo, Hermes"]
[Result "1-0"]
[WhiteElo "2488"]
[BlackElo "2274"]
[PlyCount "69"]
[EventDate "2015.07.13"]
[EventType "swiss"]
[EventRounds "9"]
[EventCountry "ESP"]
[SourceTitle "CBM 167 Extra"]
[Source "ChessBase"]
[SourceDate "2015.09.14"]
[SourceVersion "1"]
[SourceVersionDate "2015.09.14"]
[SourceQuality "1"]

1. Nf3 Nf6 2. c4 g6 3. Nc3 Bg7 4. e4 d6 5. d4 0-0 6. Be2 e5 7. 0-0 Nc6 8. d5 Ne7 9. b4 Ne8 10. c5 f5 11. Nd2 Nf6 12. a4 f4 13. Ba3 g5 14. Nc4 g4 15. Bd3 Ng6 16. b5 dxc5 17. Bxc5 Rf7 18. a5 Nh5 19. g3 Nh4 20. gxh4 Qxh4 21. f3 g3 22. Ra2 Bh3 23. hxg3 fxg3 24. Re1 Nf4 25. Ne3 Bf8 26. Bxf8 Raxf8 27. Bf1 Rf6 28. Ne2 Rh6 29. Nxf4 Bd7 30. Bg2 Qh2+ 31. Kf1 exf4 32. Nc4 Bh3 33. Qd4 Bg4 34. Ne5 Bc8 35. Rc1 1-0

[Event "Barcelona Sant Marti op-A 17th"]
[Site "Barcelona"]
[Date "2015.07.15"]
[Round "3"]
[White "Dalo, Hermes"]
[Black "Papathanasiou, Elisavet"]
[Result "1-0"]
[WhiteElo "2274"]
[BlackElo "1951"]
[PlyCount "79"]
[EventDate "2015.07.13"]
[EventType "swiss"]
[EventRounds "9"]
[EventCountry "ESP"]
[SourceTitle "CBM 167 Extra"]
[Source "ChessBase"]
[SourceDate "2015.09.14"]
[SourceVersion "1"]
[SourceVersionDate "2015.09.14"]
[SourceQuality "1"]

1. Nf3 Nf6 2. c4 e6 3. Nc3 d5 4. d4 c5 5. cxd5 exd5 6. g3 Nc6 7. Bg2 h6 8. 0-0 Be7 9. a3 0-0 10. dxc5 Bxc5 11. b4 Be7 12. Bb2 Be6 13. Nd4 Nxd4 14. Qxd4 Qd7 15. Rfd1 Rfd8 16. f4 Bf8 17. Rd2 a5 18. Rad1 axb4 19. axb4 Rac8 20. f5 Bxf5 21. Nxd5 Nxd5 22. Bxd5 Qb5 23. Qf2 Bg6 24. Bxf7+ Bxf7 25. Rxd8 Rxd8 26. Rxd8 Qxb4 27. Bd4 Qb1+ 28. Qf1 Qb4 29. Qa1 Kh7 30. Qf1 Qe7 31. Qf5+ g6 32. Qf6 Qxf6 33. Bxf6 Bc5+ 34. Bd4 Bxd4+ 35. Rxd4 b5 36. Rd7 Kg8 37. Rb7 Bc4 38. e4 Kf8 39. Kf2 Ke8 40. Ke3 1-0

[Event "Barcelona Sant Marti op-A 17th"]
[Site "Barcelona"]
[Date "2015.07.14"]
[Round "2"]
[White "Alfara Ayllon, Jose Luis"]
[Black "Dalo, Hermes"]
[Result "0-1"]
[WhiteElo "1964"]
[BlackElo "2274"]
[PlyCount "58"]
[EventDate "2015.07.13"]
[EventType "swiss"]
[EventRounds "9"]
[EventCountry "ESP"]
[SourceTitle "CBM 167 Extra"]
[Source "ChessBase"]
[SourceDate "2015.09.14"]
[SourceVersion "1"]
[SourceVersionDate "2015.09.14"]
[SourceQuality "1"]

1. e4 c5 2. Nf3 e6 3. d4 cxd4 4. Nxd4 Nf6 5. Bd3 Nc6 6. Nxc6 bxc6 7. 0-0 e5 8. Nc3 Be7 9. f4 d6 10. Kh1 0-0 11. fxe5 dxe5 12. Be3 Qc7 13. Qe2 Bg4 14. Qf2 Bh5 15. Bc5 Bg6 16. h3 Rfd8 17. Rae1 Nh5 18. Ne2 Bg5 19. h4 Be7 20. g4 Nf6 21. Bxe7 Qxe7 22. Qg2 h6 23. Rf2 Qb4 24. Ref1 Nxe4 25. Rf5 Bxf5 26. gxf5 Nd2 27. Rf2 Qxh4+ 28. Kg1 e4 29. f6 g6 0-1

[Event "Barbera del Valles op 38th"]
[Site "Barbera del Valles"]
[Date "2015.07.10"]
[Round "7"]
[White "Coll Enriquez, Lluis"]
[Black "Dalo, Hermes"]
[Result "0-1"]
[WhiteElo "2177"]
[BlackElo "2274"]
[PlyCount "80"]
[EventDate "2015.07.04"]
[EventType "swiss"]
[EventRounds "9"]
[EventCountry "ESP"]
[SourceTitle "CBM 167 Extra"]
[Source "ChessBase"]
[SourceDate "2015.09.14"]
[SourceVersion "1"]
[SourceVersionDate "2015.09.14"]
[SourceQuality "1"]

1. e4 e5 2. Nf3 Nc6 3. Bb5 a6 4. Ba4 Nf6 5. 0-0 Be7 6. Re1 b5 7. Bb3 d6 8. c3 0-0 9. h3 Na5 10. Bc2 c5 11. d3 Nc6 12. Nbd2 Re8 13. Nf1 h6 14. a4 Be6 15. axb5 axb5 16. Bd2 Qc7 17. Rxa8 Rxa8 18. Qe2 Bf8 19. Ne3 g6 20. Nh2 Bg7 21. Nhg4 Nxg4 22. hxg4 Nd4 23. Qd1 Nxc2 24. Qxc2 Qd7 25. f3 d5 26. Nf1 Qa7 27. exd5 Bxd5 28. Be3 Qc7 29. Qf2 c4 30. dxc4 Bxc4 31. Nd2 Bd5 32. Qh4 Ra2 33. Bxh6 Rxb2 34. Nf1 Bxh6 35. Qxh6 Qxc3 36. Rc1 Rxg2+ 37. Kh1 Rc2 38. Rxc2 Qxc2 39. Qe3 e4 40. f4 Qd1 0-1

[Event "Barbera del Valles op 38th"]
[Site "Barbera del Valles"]
[Date "2015.07.06"]
[Round "3"]
[White "Thejkumar, MS."]
[Black "Dalo, Hermes"]
[Result "1/2-1/2"]
[WhiteElo "2467"]
[BlackElo "2274"]
[PlyCount "95"]
[EventDate "2015.07.04"]
[EventType "swiss"]
[EventRounds "9"]
[EventCountry "ESP"]
[SourceTitle "CBM 167 Extra"]
[Source "ChessBase"]
[SourceDate "2015.09.14"]
[SourceVersion "1"]
[SourceVersionDate "2015.09.14"]
[SourceQuality "1"]

1. d4 Nf6 2. c4 g6 3. Nc3 Bg7 4. e4 d6 5. Be2 0-0 6. Bg5 c5 7. d5 a6 8. a4 Qa5 9. Bd2 e6 10. Nf3 exd5 11. cxd5 Bg4 12. 0-0 Qc7 13. h3 Bxf3 14. Bxf3 Nbd7 15. Bf4 Rfe8 16. Re1 Ne5 17. Be2 h6 18. a5 g5 19. Bd2 Ng6 20. Bf1 b5 21. axb6 Qxb6 22. Qc2 g4 23. hxg4 Nxg4 24. Nd1 Bd4 25. Ra3 Qd8 26. Rh3 Qf6 27. Bc3 Nf4 28. Rh1 Qg5 29. Bd2 Rab8 30. Bxf4 Qxf4 31. Re2 Rb4 32. Rh3 Reb8 33. g3 Qf6 34. Qd2 Bxb2 35. Nxb2 Rxb2 36. Qf4 Qxf4 37. gxf4 Rxe2 38. Bxe2 Nf6 39. e5 dxe5 40. fxe5 Nxd5 41. Rxh6 Re8 42. Rxa6 Rxe5 43. Bc4 Nf4 44. Rc6 Rg5+ 45. Kf1 Rf5 46. Rc7 Nh3 47. Bxf7+ Rxf7 48. Rxc5 1/2-1/2

[Event "Barbera del Valles op 38th"]
[Site "Barbera del Valles"]
[Date "2015.07.05"]
[Round "2"]
[White "Dalo, Hermes"]
[Black "Petrosyan, Tigran S"]
[Result "1/2-1/2"]
[WhiteElo "2274"]
[BlackElo "2441"]
[PlyCount "59"]
[EventDate "2015.07.04"]
[EventType "swiss"]
[EventRounds "9"]
[EventCountry "ESP"]
[SourceTitle "CBM 167 Extra"]
[Source "ChessBase"]
[SourceDate "2015.09.14"]
[SourceVersion "1"]
[SourceVersionDate "2015.09.14"]
[SourceQuality "1"]

1. d4 Nf6 2. c4 e6 3. Nc3 Bb4 4. e3 0-0 5. Bd3 c5 6. Nf3 d5 7. 0-0 Nc6 8. a3 Bxc3 9. bxc3 dxc4 10. Bxc4 Qc7 11. Bb5 Rd8 12. Re1 Bd7 13. a4 Na5 14. e4 Bxb5 15. axb5 h6 16. Qa4 b6 17. Ne5 Rac8 18. Ba3 cxd4 19. cxd4 Qb7 20. f3 Nd7 21. Ng4 h5 22. Ne3 Nf6 23. Bb2 Nd7 24. Ba3 Nf6 25. Bb2 Nd7 26. Ba3 Nf6 27. Bb2 Nd7 28. Ba3 Nf6 29. Bb2 Nd7 30. Ba3 1/2-1/2

[Event "Montcada op 23rd"]
[Site "Montcada"]
[Date "2015.06.29"]
[Round "5"]
[White "Dourerassou, Jonathan"]
[Black "Dalo, Hermes"]
[Result "1-0"]
[WhiteElo "2415"]
[BlackElo "2274"]
[PlyCount "93"]
[EventDate "2015.06.25"]
[EventType "swiss"]
[EventRounds "9"]
[EventCountry "ESP"]
[SourceTitle "CBM 167 Extra"]
[Source "ChessBase"]
[SourceDate "2015.09.14"]
[SourceVersion "1"]
[SourceVersionDate "2015.09.14"]
[SourceQuality "1"]

1. e4 c5 2. Nf3 e6 3. d4 cxd4 4. Nxd4 Nf6 5. Nc3 d6 6. Bd3 a6 7. a4 Nc6 8. Be3 Be7 9. 0-0 0-0 10. f4 Qc7 11. Kh1 Bd7 12. Qf3 Nb4 13. Qg3 Nxd3 14. cxd3 Kh8 15. Nf3 Bc6 16. a5 Nd7 17. Ng5 h6 18. Nf3 Bf6 19. d4 b5 20. Rfc1 b4 21. Nd1 Qb7 22. d5 Bb5 23. e5 Be7 24. exd6 Bxd6 25. Bd4 Nf6 26. Ne3 Ne8 27. dxe6 fxe6 28. Ne5 Bxe5 29. Bxe5 Qf7 30. Qh4 Kg8 31. Ng4 Qg6 32. Rc5 Be2 33. Ne3 Ra7 34. Re1 Bd3 35. Rc6 Be4 36. Rb6 Nf6 37. Rxe6 Rd7 38. Qh3 Rd2 39. Bxf6 Rxf6 40. f5 Bxf5 41. Rxf6 Qxf6 42. Nxf5 Rxb2 43. Qd3 Qf7 44. h3 Rb3 45. Nxh6+ gxh6 46. Qd8+ Kg7 47. Re7 1-0

[Event "Catalunya-chT GpB final"]
[Site "Barcelona"]
[Date "2015.04.18"]
[Round "11.3"]
[White "Dalo, Hermes"]
[Black "Ubach Miralda, Marcelo"]
[Result "1-0"]
[WhiteElo "2258"]
[BlackElo "2297"]
[PlyCount "87"]
[EventDate "2015.03.14"]
[EventType "team-tourn"]
[EventRounds "11"]
[EventCountry "ESP"]
[SourceTitle "EXT 2016"]
[Source "ChessBase"]
[SourceDate "2015.10.08"]
[SourceVersion "1"]
[SourceVersionDate "2015.10.08"]
[SourceQuality "1"]
[WhiteTeam "Catalunya"]
[BlackTeam "Terrassa"]
[WhiteTeamCountry "ESP"]
[BlackTeamCountry "ESP"]

1. d4 d5 2. c4 c6 3. Nf3 Nf6 4. Qb3 g6 5. Nc3 Bg7 6. cxd5 cxd5 7. Bg5 0-0 8. e3 Nc6 9. Bxf6 exf6 10. Qxd5 Qe7 11. Qc5 Qxc5 12. dxc5 f5 13. Rc1 Be6 14. Bb5 Rfc8 15. 0-0 a6 16. Bxc6 Rxc6 17. b4 Rd8 18. Ne2 Bxa2 19. Nfd4 Rcc8 20. Rfd1 Bd5 21. Nf4 Bc6 22. h4 Ba4 23. Rd3 Bf6 24. g3 Rc7 25. Rcc3 Be8 26. Rc2 h6 27. Rcd2 a5 28. bxa5 Rxc5 29. Nb3 Rxd3 30. Rxd3 Rb5 31. Nd5 Kg7 32. Nc7 Re5 33. Nxe8+ Rxe8 34. Nc5 Ra8 35. Nxb7 Ra7 36. Rb3 Be5 37. Rb5 Bc7 38. Kf1 Kf6 39. Ke2 Ke7 40. Kd3 Ra8 41. Kc4 Kd7 42. Kd5 Bb8 43. a6 Ba7 44. Nd6 1-0

[Event "Montcada 3rd"]
[Site "Montcada"]
[Date "2015.03.15"]
[Round "8"]
[White "Bals Hernandez, Jordi"]
[Black "Dalo, Hermes"]
[Result "0-1"]
[WhiteElo "2137"]
[BlackElo "2258"]
[PlyCount "68"]
[EventDate "2015.01.25"]
[EventType "tourn"]
[EventRounds "9"]
[EventCountry "ESP"]
[SourceTitle "EXT 2016"]
[Source "ChessBase"]
[SourceDate "2015.10.08"]
[SourceVersion "1"]
[SourceVersionDate "2015.10.08"]
[SourceQuality "1"]

1. d4 Nf6 2. c4 e6 3. Nc3 Bb4 4. e3 c5 5. Bd3 Bxc3+ 6. bxc3 Nc6 7. Nf3 d6 8. 0-0 0-0 9. e4 e5 10. dxe5 dxe5 11. Bg5 h6 12. Bh4 Qd6 13. Ne1 Ne7 14. Nc2 g5 15. Bg3 Rd8 16. Ne1 Nxe4 17. Qh5 Bf5 18. Bxe4 Bxe4 19. Qe2 Bf5 20. Bxe5 Qe6 21. Qe3 Ng6 22. Bg3 Qxc4 23. h3 Bd3 24. Nxd3 Rxd3 25. Qe2 Rxc3 26. Qh5 Kg7 27. Rfd1 Rd3 28. Rac1 Rxd1+ 29. Qxd1 Rd8 30. Qe1 Re8 31. Qd1 Qd4 32. Qxd4+ cxd4 33. Rc7 d3 34. Rd7 Re2 0-1

[Event "Catalunya-chT GpB final"]
[Site "Barcelona"]
[Date "2015.03.14"]
[Round "8.3"]
[White "Escandell Mari, Juan Carlos"]
[Black "Dalo, Hermes"]
[Result "1/2-1/2"]
[WhiteElo "2290"]
[BlackElo "2258"]
[PlyCount "111"]
[EventDate "2015.03.14"]
[EventType "team-tourn"]
[EventRounds "11"]
[EventCountry "ESP"]
[SourceTitle "EXT 2016"]
[Source "ChessBase"]
[SourceDate "2015.10.08"]
[SourceVersion "1"]
[SourceVersionDate "2015.10.08"]
[SourceQuality "1"]
[WhiteTeam "Cerdanyola Valles"]
[BlackTeam "Catalunya"]
[WhiteTeamCountry "ESP"]
[BlackTeamCountry "ESP"]

1. e4 c5 2. Nf3 e6 3. d4 cxd4 4. Nxd4 Nf6 5. Nc3 d6 6. Be3 a6 7. f3 b5 8. Qd2 Nbd7 9. g4 Nb6 10. Qf2 Nfd7 11. 0-0-0 Bb7 12. Bd3 Rc8 13. Nce2 Nc5 14. Kb1 Nba4 15. Bc1 Qc7 16. Ng3 d5 17. Rhe1 Nxd3 18. cxd3 Bc5 19. Be3 0-0 20. Rc1 Qe7 21. Ndf5 exf5 22. Nxf5 Qc7 23. Bxc5 Nxc5 24. Qd4 Ne6 25. Rxc7 Nxd4 26. Rxc8 Rxc8 27. Nxd4 dxe4 28. dxe4 g6 29. Rc1 Rd8 30. Nc6 Bxc6 31. Rxc6 Rd1+ 32. Kc2 Rh1 33. Rxa6 Rxh2+ 34. Kc3 Rf2 35. Rb6 Rxf3+ 36. Kd4 Rg3 37. Rxb5 Rxg4 38. Ke3 h5 39. a4 h4 40. Rc5 h3 41. Rc1 Rg2 42. b4 Rb2 43. b5 Rb4 44. Kf3 Rxa4 45. Rb1 Ra3+ 46. Kf2 h2 47. Kg2 Ra2+ 48. Kh1 Kf8 49. b6 Ra8 50. Kxh2 Ke7 51. Kg3 f5 52. exf5 gxf5 53. Kf4 Kd6 54. b7 Rb8 55. Kxf5 Kc7 56. Rc1+ 1/2-1/2

[Event "Montcada 3rd"]
[Site "Montcada"]
[Date "2015.02.15"]
[Round "4"]
[White "Dalo, Hermes"]
[Black "Cruz Estrada, Filemon"]
[Result "0-1"]
[WhiteElo "2258"]
[BlackElo "2387"]
[PlyCount "120"]
[EventDate "2015.01.25"]
[EventType "tourn"]
[EventRounds "9"]
[EventCountry "ESP"]
[SourceTitle "EXT 2016"]
[Source "ChessBase"]
[SourceDate "2015.10.08"]
[SourceVersion "1"]
[SourceVersionDate "2015.10.08"]
[SourceQuality "1"]

1. d4 c5 2. d5 d6 3. c4 e5 4. e4 Be7 5. Nc3 Bg5 6. Bd3 Bxc1 7. Qxc1 Ne7 8. Qc2 0-0 9. Nge2 Ng6 10. g3 Bh3 11. 0-0-0 Na6 12. a3 Bg2 13. Rhe1 Bf3 14. Rd2 Nc7 15. Ng1 Bg4 16. f3 Bd7 17. Rf2 a6 18. f4 f6 19. f5 Nh8 20. Qe2 Rb8 21. g4 b5 22. Nf3 bxc4 23. Bxc4 Nb5 24. Bxb5 axb5 25. g5 b4 26. Nb1 c4 27. axb4 Rxb4 28. Rg1 c3 29. bxc3 Rb7 30. gxf6 Rxf6 31. Rfg2 g6 32. Ng5 Qb6 33. Qa2 Rf8 34. fxg6 hxg6 35. Ne6 Qe3+ 36. Qd2 Qxe4 37. Qc2 Qxc2+ 38. Kxc2 Rf3 39. Kc1 Bxe6 40. dxe6 Re7 41. Kc2 Rxe6 42. Na3 Kg7 43. Nb5 Nf7 44. Rd1 Ref6 45. Kb3 Rh3 46. Rdg1 g5 47. Nc7 Rff3 48. Ne6+ Kf6 49. Nxg5 Rxc3+ 50. Kb2 Nxg5 51. Rxg5 Ke6 52. Rg6+ Kd5 53. Ra1 Rb3+ 54. Kc2 Rhc3+ 55. Kd2 Ra3 56. Rxa3 Rxa3 57. h4 Rh3 58. Rg4 e4 59. Rg5+ Kd4 60. h5 d5 0-1

[Event "Montcada 3rd"]
[Site "Montcada"]
[Date "2015.02.01"]
[Round "2"]
[White "Dalo, Hermes"]
[Black "Ryan, Joseph"]
[Result "1-0"]
[WhiteElo "2258"]
[BlackElo "2234"]
[PlyCount "67"]
[EventDate "2015.01.25"]
[EventType "tourn"]
[EventRounds "9"]
[EventCountry "ESP"]
[SourceTitle "EXT 2016"]
[Source "ChessBase"]
[SourceDate "2015.10.08"]
[SourceVersion "1"]
[SourceVersionDate "2015.10.08"]
[SourceQuality "1"]

1. d4 g6 2. e4 Bg7 3. Nc3 d6 4. Be3 Nf6 5. f3 0-0 6. Qd2 e5 7. d5 c6 8. 0-0-0 cxd5 9. exd5 a6 10. h4 h5 11. Bh6 b5 12. Ne4 Nbd7 13. Bg5 Nb6 14. Bxf6 Bxf6 15. g4 hxg4 16. h5 Bf5 17. Nxf6+ Qxf6 18. Bd3 Bxd3 19. Qxd3 Rac8 20. fxg4 Rc5 21. Nh3 Rxd5 22. Qe2 Rxd1+ 23. Rxd1 Rc8 24. Rf1 Qg7 25. Kb1 Nc4 26. Ng5 f6 27. Ne4 Rf8 28. b3 Na3+ 29. Kb2 b4 30. Qd2 a5 31. Qxd6 f5 32. hxg6 Re8 33. Nf6+ Kh8 34. Rh1+ 1-0

[Event "Catalunya-chT Gp1"]
[Site "Barcelona"]
[Date "2015.01.31"]
[Round "2.3"]
[White "Dalo, Hermes"]
[Black "Almeida Toledano, Daniel"]
[Result "0-1"]
[WhiteElo "2258"]
[BlackElo "2295"]
[PlyCount "106"]
[EventDate "2015.01.24"]
[EventType "team-tourn"]
[EventRounds "7"]
[EventCountry "ESP"]
[SourceTitle "CBM 164 Extra"]
[Source "ChessBase"]
[SourceDate "2015.03.02"]
[SourceVersion "1"]
[SourceVersionDate "2015.03.02"]
[SourceQuality "1"]
[WhiteTeam "Catalunya"]
[BlackTeam "Foment Martinenc"]
[WhiteTeamCountry "ESP"]
[BlackTeamCountry "ESP"]

1. d4 d5 2. c4 c6 3. Nf3 Nf6 4. e3 Bf5 5. Bd3 Bxd3 6. Qxd3 e6 7. 0-0 Nbd7 8. Nc3 Bb4 9. Bd2 Bxc3 10. Bxc3 0-0 11. Nd2 Re8 12. e4 dxc4 13. Qxc4 e5 14. dxe5 Nxe5 15. Qb3 Qb6 16. Qxb6 axb6 17. f4 Ned7 18. Rfe1 Nc5 19. Bxf6 gxf6 20. b3 Red8 21. Nc4 b5 22. Ne3 Rd2 23. Nf5 Kf8 24. b4 Nd3 25. Rad1 Raxa2 26. Rxd2 Rxd2 27. Ra1 Ke8 28. Ra8+ Kd7 29. g3 Re2 30. Rb8 Kc7 31. Rf8 Nxb4 32. Rxf7+ Kb6 33. Rxh7 Nd3 34. Nd6 Nc5 35. Re7 b4 36. e5 f5 37. g4 b3 38. Nc4+ Kb5 39. Na3+ Kb4 40. Nb1 Re1+ 41. Kf2 Rxb1 42. gxf5 Nd3+ 43. Ke3 Kc3 44. Rxb7 Re1+ 45. Kf3 b2 46. f6 Nb4 47. Rxb4 Kxb4 48. f7 b1Q 49. f8Q+ Kc4 50. Qf7+ Kc3 51. Kg4 Rg1+ 52. Kh5 Qd1+ 53. Kh4 Qg4# 0-1